ბათუმის შოთა რუსთაველის სახელმწიფო უნივერსიტეტის ბიბლიოთეკა

მხატვრული თხზულებები / (ბიბ.ჩანაწერი № 60341)

000 -ლიდერი
ფიქსირებული სიგრძის საკონტროლო ველი 01202nam a22002057a 4500
003 - საკონტროლო ნომრის იდენტიფიკატორი
საკონტროლო ველი Ge_BSU
005 - ბოლო ოპერაციის თარიღი და დრო
საკონტროლო ველი 20230630120212.0
008 - ფიქსირებული სიგრძის მონაცემთა ელემენტები - ზოგადი ინფორმაცია
ფიქსირებული სიგრძის საკონტროლო ველი 230630s1987 ge ||||| |||| 00| 0 geo d
041 ## - ენის კოდი
Language code of text/sound track or separate title geo
080 ## - უნივერსალური ათობითი კლასიფიკაციის ინდექსი
Universal Decimal Classification number 821.353.1 ბ-13
100 ## - მთავარი ჩანაწერი - პიროვნების სახელი
Personal name თეიმურაზ ბაგრატიონი
9 (RLIN) 19107
245 ## - ცნობა სათაურის შესახებ
Title მხატვრული თხზულებები /
Statement of responsibility, etc ტექსტი მოამზადა, გამოკვლევა და შენიშვნები დაურთო ლ. მეფარიშვილმა ; [რედ.: ზურაბ ჭუმბურიძე] ; შოთა რუსთაველის სახ. ქართ. ლიტ. ინ-ტი.
264 ## - წარმოების, გამოცემის, დისტრიბუციის და სხვა ცნობები
გამოცემის, წარმოების, დისტრიბუციის... ადგილი თბილისი :
გამოცემის, წარმოების, დისტრიბუციის... სახელწოდება მეცნიერება,
გამოცემის, წარმოების, დისტრიბუციის... თარიღი 1987.
300 ## - ფიზიკური აღწერა
Extent 196 გვ. ;
Other physical details 20 სმ.
653 ## - INDEX TERM--UNCONTROLLED
Uncontrolled term მხატვრული თხზულებები
700 ## - ADDED ENTRY--PERSONAL NAME
Personal name მეფარიშვილი, ლ.
9 (RLIN) 19108
700 ## - ADDED ENTRY--PERSONAL NAME
Personal name ჭუმბურიძე, ზურაბ
Relator term რედაქტორი
9 (RLIN) 19109
700 ## - ADDED ENTRY--PERSONAL NAME
Personal name შოთა რუსთაველის სახ. ქართ. ლიტ. ინ-ტი.
9 (RLIN) 19110
942 ## - ADDED ENTRY ELEMENTS (KOHA)
Source of classification or shelving scheme
Koha item type წიგნი
ეგზემპლარები
ჩამოწერის სტატუსი დაკარგული ეგზემპლარის სტატუსი კლასიფიკაციის წყარო ან თაროზე გაწყობის სქემა დაზიანების სტატუსი არ გაიცემა მუდმივი მდებარეობა (დაცვის ადგილი) ამჟამინდელი ადგილსამყოფელი თაროზე განთავსების ადგილი შეძენის თარიღი ღირებულება, შესყიდვის ნორმალური ფასი სრული შენახვის შიფრი შტრიხკოდი ბოლო ოპერაციის თარიღი ეგზემპლარის მიმდევრობითი ნომერი (კეტერი?) Uniform Resource Identifier ფასის ძალაში შესვლის თარიღი ეგზემპლარის სახეობა საჯარო შენიშვნა
          ბათუმის შოთა რუსთაველის სახელმწიფო უნივერსიტეტის მთავარი ბიბლიოთეკა ბათუმის შოთა რუსთაველის სახელმწიფო უნივერსიტეტის მთავარი ბიბლიოთეკა წიგნსაცავი 2023-06-30 4.00 821.353.1 ბ-13 64869 2023-06-30 64869 ბსუ-ს საპატიო დოქტორის გურამ ლორთქიფანიძის საჩუქარი 2023-06-30 წიგნი 4 ლ.